Proteome analysis of rubber tree (Hevea brasiliensis) leaves induced by drought stress (Record no. 66073)

MARC details
000 -LEADER
fixed length control field 00683nam a2200229Ia 4500
100 ## - MAIN ENTRY--AUTHOR NAME
Personal name Kun Yuan
245 #0 - TITLE STATEMENT
Title Proteome analysis of rubber tree (Hevea brasiliensis) leaves induced by drought stress
260 ## - PUBLICATION, DISTRIBUTION, ETC. (IMPRINT)
Name of publisher IRRDB Natural Rubber Conference 2008, 13-15 October 2008, Kuala Lumpur, Malaysia: Abstract of papers
500 ## - GENERAL NOTE
General note Source Year: 2008
650 ## - SUBJECT ADDED ENTRY--TOPICAL TERM
Topical Term 2-DE
650 ## - SUBJECT ADDED ENTRY--TOPICAL TERM
Topical Term Defense response
650 ## - SUBJECT ADDED ENTRY--TOPICAL TERM
Topical Term Drought stress
650 ## - SUBJECT ADDED ENTRY--TOPICAL TERM
Topical Term MALDI-TOF MS
650 ## - SUBJECT ADDED ENTRY--TOPICAL TERM
Topical Term Proteome
650 ## - SUBJECT ADDED ENTRY--TOPICAL TERM
Topical Term Rubber tree
700 ## - ADDED ENTRY--PERSONAL NAME
Personal name 6aZhenhui Wang
700 ## - ADDED ENTRY--PERSONAL NAME
Personal name Lifu Yang
700 ## - ADDED ENTRY--PERSONAL NAME
Personal name Xiuqin Lin
856 ## - ELECTRONIC LOCATION AND ACCESS
Uniform Resource Identifier Abst only
942 ## - ADDED ENTRY ELEMENTS (KOHA)
Koha item type Journals
Holdings
Withdrawn status Lost status Damaged status Not for loan Home library Current library Shelving location Date acquired Koha item type
      Journals RRII Library RRII Library Plant physiology 28/01/2009 Journals